Statistics for Eurovision 2022 songs

Click here to take the quiz!

General Stats

  • This quiz has been taken 10 times
  • The average score is 9 of 40

Answer Stats

countrysong% Correct
U.K.space man
86%
Ukrainestefania
86%
Francefulenn
57%
Austriahalo
57%
Armeniasnap
57%
Greecedie together
43%
Swedenhold me closer
43%
Romaniallámame
43%
Albaniasekret
43%
Netherlandsde diepte
29%
Azerbaijanfade to black
29%
Lithuaniasentimentai
29%
Spainslomo
29%
Moldovatrenuletul
29%
Montenegrobreathe
14%
North Macedoniacircles
14%
Sloveniadisko
14%
Latviaeat your salad
14%
Cyprusela
14%
Norwaygive that wolf a banana
14%
Croatiaguilty pleasure
14%
MaltaI am what I am
14%
Bulgariaintention
14%
Czechialights off
14%
Belguimmiss you
14%
Polandriver
14%
Germanyrockstars
14%
Portugalsaudade saudade
14%
Irelandthat's rich
14%
Switzerlandboys do cry
0%
Italybrividi
0%
Estoniahope
0%
Israel
I.M
0%
FInlandjezebel
0%
Serbiakonstrakta
0%
Georgialock me in
0%
Icelandmeð hækkandi sól
0%
Australianot the same
0%
San Marinostripper
0%
Denmarkthe show
0%

Score Distribution

Percentile by Number Answered

Percent of People with Each Score

Your Score History

You have not taken this quiz